The Financial Benefits of Smart Service Provision in the Brazilian Manufacturing Sector

Výrobcovia sa čoraz viac zameriavajú nielen na ponuku svojich produktov, ale aj na služby. Chcú vytvárať hodnotu pre zákazníkov a chrániť si svoju konkurenčnú výhodu. Proces rozširovania svojich ponúk o služby sa označuje ako servitizácia. Napriek veľkému a rastúcemu počtu akademickej literatúry stá...

Description complète

Enregistré dans:
Détails bibliographiques
Auteur principal: Kaňovská, Lucie
Autres auteurs: Ferreira, Flávio Vinicius
Format: Chapitre de livre
Langue:anglais
Sujets:
Tags: Ajouter un tag
Pas de tags, Soyez le premier à ajouter un tag!

MARC

LEADER 00000naa a2200000 4500
001 0292671
005 20240417075238.0
041 0 |a eng 
044 |a CZ 
245 1 0 |a The Financial Benefits of Smart Service Provision in the Brazilian Manufacturing Sector  |c Lucie Kaňovská, Flávio Vinicius Ferreira 
520 |a Výrobcovia sa čoraz viac zameriavajú nielen na ponuku svojich produktov, ale aj na služby. Chcú vytvárať hodnotu pre zákazníkov a chrániť si svoju konkurenčnú výhodu. Proces rozširovania svojich ponúk o služby sa označuje ako servitizácia. Napriek veľkému a rastúcemu počtu akademickej literatúry stále existujú určité medzery vo výskume v oblasti finančných výhod. Cieľom príspevku je zistiť, či malí a strední výrobcovia vnímajú finančné výhody poskytovania inteligentných služieb. Výskum bol realizovaný s respondentmi z MaSP z elektrotechnického priemyslu. 
610 2 0 |a technológie nové 
610 2 0 |a technológie inteligentné 
610 2 0 |a výroba 
610 2 0 |a výhody konkurenčné 
610 2 0 |a podnik malý 
610 2 0 |a podnik stredný 
100 1 |a Kaňovská, Lucie 
700 1 |a Ferreira, Flávio Vinicius